000
00327nam a22001457a 4500
008
230208b ||||| |||| 00| 0 eng d
020
_a
9781617312502
041
_a
eng
080
_2
FOURTH EDITION
_a
579
082
_a
579LEB
100
_a
14
101
_a
MIKROBIO
245
_a
MICROBIOLOGY
_c
LEBOFFE J.M
942
_2
udc
_c
BK
999
_c
59347
_d
59347